<?xml version="1.0" encoding="UTF-8"?>
<record
    xmlns:xsi="http://www.w3.org/2001/XMLSchema-instance"
    xsi:schemaLocation="http://www.loc.gov/MARC21/slim http://www.loc.gov/standards/marcxml/schema/MARC21slim.xsd"
    xmlns="http://www.loc.gov/MARC21/slim">

  <leader>02139agaaa2200337   4500</leader>
  <controlfield tag="001">9420</controlfield>
  <controlfield tag="003">IT-RoPAU</controlfield>
  <controlfield tag="005">20220918181246.0</controlfield>
  <controlfield tag="007">d cvaizq</controlfield>
  <controlfield tag="008">50131s9999||||xx ||| |     ||   ||und||</controlfield>
  <datafield tag="040" ind1=" " ind2=" ">
    <subfield code="a">IT-RoPAU</subfield>
    <subfield code="c">IT-RoPAU</subfield>
  </datafield>
  <datafield tag="041" ind1=" " ind2=" ">
    <subfield code="a">ITALIANO</subfield>
  </datafield>
  <datafield tag="100" ind1=" " ind2=" ">
    <subfield code="a">Boyle Danny</subfield>
    <subfield code="g">Codice regista SPICS: 49084</subfield>
    <subfield code="9">40513</subfield>
  </datafield>
  <datafield tag="130" ind1=" " ind2=" ">
    <subfield code="a">MILLIONAIRE (THE)</subfield>
    <subfield code="9">47122</subfield>
  </datafield>
  <datafield tag="240" ind1=" " ind2=" ">
    <subfield code="a">SLUMDOG MILLIONAIRE</subfield>
    <subfield code="g">T3817</subfield>
  </datafield>
  <datafield tag="245" ind1=" " ind2=" ">
    <subfield code="a">MILLIONAIRE (THE)</subfield>
    <subfield code="c">Prodotto da: Colson Christian -- Sceneggiatura: Beaufoy Simon -- Diretto da: Boyle Danny</subfield>
    <subfield code="p">MILLIONAIRE (THE) (Rif. Codice opera principale : H9420)</subfield>
  </datafield>
  <datafield tag="246" ind1=" " ind2=" ">
    <subfield code="a">SLUMDOG MILLIONAIRE</subfield>
  </datafield>
  <datafield tag="250" ind1=" " ind2=" ">
    <subfield code="a">Edizione Standard</subfield>
  </datafield>
  <datafield tag="260" ind1=" " ind2=" ">
    <subfield code="a">(UK - USA)</subfield>
    <subfield code="b">CELADOR FILM - FILM4 / Distribuzione: MONDADORI</subfield>
    <subfield code="g">"2008 (1&#xB0; ed.: 2009 ; Ed. Lingua Orig.: 2008)"</subfield>
  </datafield>
  <datafield tag="300" ind1=" " ind2=" ">
    <subfield code="a">DVD</subfield>
    <subfield code="b">sonoro, col.</subfield>
    <subfield code="c">115 minuti</subfield>
  </datafield>
  <datafield tag="508" ind1=" " ind2=" ">
    <subfield code="a">"Fotografia: Mantle Anthony Dod; Montaggio: Dickens Chris; Musica: Rahman Anisur; Sceneggiatura: Beaufoy Simon; Scenografia: Digby Mark; "</subfield>
  </datafield>
  <datafield tag="511" ind1=" " ind2=" ">
    <subfield code="a">"Patel Dev; Pinto Freida; Mittal Madhur; Kapoor Anil; Khan Irrfan; Manjrekar Mahesh"</subfield>
  </datafield>
  <datafield tag="520" ind1=" " ind2=" ">
    <subfield code="a">"DAVANTI AD UN PUBBLICO SBALORDITO, IL GIOVANE JAMAL, CRESCIUTO NEGLI SLUM DI MUMBAI, AFFRONTA L'ULTIMA DOMANDA, QUELLA CHE POTREBBE FARGLI VINCECE LASOMMA DI 20 MILIONI DI RUPIE. IL CONDUTTORE DEL PROGRAMMA RIFIUTA DI CREDERE CHE UN RAGAZZO DEI QUARTIERI POVERI POSSA CONOSCERE TUTTE LE RISPOSTE E COSI' LO FA ARRESTARE. RIPERCORRENDO UNA PER UNA LE DOMANDE JAMAL RICOSTRUISCE LA STORIA DELLA SUA VITA TRASCORSA SULLA STRADA CERCANDO DI RITROVARE LA RAGAZZA CHE HA SEMPRE AMATO. VINCITORE DI 8 PREMI OSCAR. CONTENUTI EXTRA:COMMENTO AUDIO DEL REGISTA E DEL PROTAGONISTA; MAKING OF; DIETRO LE QUINTE; SCENA DELLA LATRINA; SCENE TAGLIATE; TRAILER."</subfield>
  </datafield>
  <datafield tag="538" ind1=" " ind2=" ">
    <subfield code="a">PAL, STEREO</subfield>
  </datafield>
  <datafield tag="546" ind1=" " ind2=" ">
    <subfield code="a">ITALIANO</subfield>
  </datafield>
  <datafield tag="650" ind1=" " ind2=" ">
    <subfield code="a">DRAMMA - ROMANTIC</subfield>
    <subfield code="e">DVD-FILM [DVD]</subfield>
    <subfield code="x">Codice MATERIA SPICS: 9947</subfield>
    <subfield code="9">36786</subfield>
  </datafield>
  <datafield tag="700" ind1=" " ind2=" ">
    <subfield code="a">Boyle Danny </subfield>
    <subfield code="e">(regista)</subfield>
    <subfield code="g">Codice regista SPICS: 49084</subfield>
    <subfield code="9">40513</subfield>
  </datafield>
  <datafield tag="700" ind1=" " ind2=" ">
    <subfield code="a">Rahman Anisur</subfield>
    <subfield code="e">(musica)</subfield>
    <subfield code="g">Codice Musica SPICS: 47446</subfield>
    <subfield code="9">47123</subfield>
  </datafield>
  <datafield tag="700" ind1=" " ind2=" ">
    <subfield code="a">Swarup Vikas </subfield>
    <subfield code="e">(soggetto)</subfield>
    <subfield code="g">Codice Soggetto SPICS: 59756</subfield>
    <subfield code="9">47124</subfield>
  </datafield>
  <datafield tag="942" ind1=" " ind2=" ">
    <subfield code="c">DV</subfield>
    <subfield code="2">ddc</subfield>
  </datafield>
  <datafield tag="999" ind1=" " ind2=" ">
    <subfield code="c">106483</subfield>
    <subfield code="d">106483</subfield>
  </datafield>
  <datafield tag="952" ind1=" " ind2=" ">
    <subfield code="0">0</subfield>
    <subfield code="1">0</subfield>
    <subfield code="4">0</subfield>
    <subfield code="6">H_9420_000000000000000</subfield>
    <subfield code="7">1</subfield>
    <subfield code="a">SPICS</subfield>
    <subfield code="b">SPICS</subfield>
    <subfield code="d">2015-01-31</subfield>
    <subfield code="l">0</subfield>
    <subfield code="o">H9420</subfield>
    <subfield code="r">2015-01-31 00:00:00</subfield>
    <subfield code="w">2015-01-31</subfield>
    <subfield code="y">DV</subfield>
    <subfield code="z">Progr. Ins.: 3869 / N.Vol.:1 / Copie: 1 / Pag.:0 / Copia rara: n.d. / date import: 1.2.2015 / By Epidotti, Trombetti, Vaglietti</subfield>
  </datafield>
</record>
